Страны по их полному названию - Statistics

General Stats
  • This quiz has been taken 42 times
  • The average score is 19 of 41
Answer Stats
Полное название Страна % Correct
Республика ... Албания / Ангола / Армения / Барбадос / Беларусь / Бенин / Болгария / Ботсвана / Бурунди / Вануату / Гаити / Гамбия / Гана / Гватемала / Гвинея-Бисау / Гондурас / Джибути / Замбия / Зимбабве / Индия / Индонезия / Ирак / Кабо-Верде / Казахстан / Камерун / Кения / Кипр / Кирибати / Колумбия / Косово / Коста-Рика / Кот-д'Ивуар / Куба / Либерия / Маврикий / Мадагаскар / Малави / Мали / Мальта / Маршалловы острова / Мозамбик / Молдова / Намибия / Науру / Нигер / Никарагуа / Палау / Панама / Парагвай / Перу / Польша / Руанда / Сан-Марино / Северная Македония / Сейшельские острова / Сенегал / Сербия / Сингапур / Словения / Судан / Суринам / Сьерра-Леоне / Таджикистан / Тринидад и Тобаго / Уганда / Узбекистан / Фиджи / Филиппины / Хорватия / Чад / Чили / Эквадор / Экваториальная Гвинея / Южный Судан
100%
Королевство ... Бахрейн / Бельгия / Бутан / Дания / Испания / Камбоджа / Лесото / Марокко / Нидерланды / Норвегия / Саудовская Аравия / Таиланд / Тонга / Швеция / Эсватини
93%
[отсутствует] Антигуа и Барбуда / Белиз / Босния и Герцеговина / Буркина-Фасо / Венгрия / Гренада / Грузия / Демократическая Республика Конго / Доминиканская Республика / Ирландия / Исландия / Канада / Корейская Народно-Демократическая Республика / Малайзия / Монголия / Новая Зеландия / Объединённые Арабские Эмираты / Республика Конго / Республика Корея / Румыния / Сент-Винсент и Гренадины / Сент-Люсия / Соединённые Штаты Америки / Соломоновы острова / Тувалу / Туркменистан / Украина / Федеративные Штаты Микронезии / Центрально-Африканская Республика / Черногория / Южно-Африканская Республика / Ямайка
89%
... Федерация Россия
89%
... Республика Австрия / Азербайджан / Аргентина / Габон / Гвинея / Греция / Италия / Йемен / Кыргызстан / Латвия / Ливан / Литва / Мальдивы / Португалия / Словакия / Того / Тунис / Турция / Финляндия / Франция / Чехия / Эстония
81%
Государство ... Израиль / Катар / Кувейт / Ливия / Эритрея / Япония
78%
Исламская Республика ... Иран / Мавритания / Пакистан
78%
... Народная Республика Китай
78%
Федеративная Республика ... Бразилия / Германия / Нигерия / Сомали
74%
Княжество ... Андорра / Лихтенштейн / Монако
67%
Соединённое Королевство ... и Северной Ирландии Великобритания
67%
Государство-город ... Ватикан
63%
Китайская Республика ... Тайвань
59%
... Союз Австралия
56%
Султанат ... Оман
52%
Арабская Республика ... Египет
44%
... Арабская Республика Сирия
44%
Социалистическая Республика ... Вьетнам
44%
Боливарианская Республика ... Венесуэла
41%
Великое Герцогство ... Люксембург
41%
Федеративная Демократическая Республика ... Непал / Эфиопия
37%
... Народная Демократическая Республика Алжир
37%
... Соединённые Штаты Мексика
37%
Содружество ... Багамские острова / Доминика
33%
Исламский Эмират ... Афганистан
33%
Многонациональное Государство ... Боливия
33%
... Конфедерация Швейцария
33%
... Хашимитское Королевство Иордания
33%
Государство ...-Даруссалам Бруней
30%
Кооперативная Республика ... Гайана
30%
Демократическая Республика ... Восточный Тимор / Сан-Томе и Принсипи
26%
Демократическая Социалистическая Республика ... Шри-Ланка
26%
Народная Республика ... Бангладеш
26%
Независимое Государство ... Папуа-Новая Гвинея / Самоа
22%
... Народно-Демократическая Республика Лаос
22%
Восточная Республика ... Уругвай
19%
Республика Союз ... Мьянма
19%
Республика Эль- ... Сальвадор
19%
Федерация ... Сент-Китс и Невис
19%
Объединённая Республика ... Танзания
15%
Союз ... Коморские острова
15%
No matching quizzes found
Score Distribution
Percent of People with Each Score
Percentile by Number Answered
Your Score History
You have not taken this quiz